[Event "40th ECC Open 2025"]
[Site "Rhodes GRE"]
[Date "2025.10.22"]
[Round "4.102"]
[White "Pert, Nina"]
[Black "Bujnoch, Radek"]
[Result "0-1"]
[WhiteTitle "WCM"]
[BlackTitle "FM"]
[WhiteElo "2029"]
[BlackElo "2247"]
[WhiteTeam "Cheddleton Savills Catering"]
[BlackTeam "Sigil Fund Pardubice"]
[WhiteFideId "456853"]
[BlackFideId "313300"]
[EventDate "2025.10.19"]
[EventType "team"]

1. c4 c6 2. e4 d5 3. exd5 cxd5 4. cxd5 Nf6 5. Nc3 Nxd5 6. Nf3 Nc6 7. Bb5 e6 8.
O-O Be7 9. Ne5 Bd7 10. Bxc6 Bxc6 11. Nxc6 bxc6 12. d4 O-O 13. Ne4 Qb6 14. Qd3
Rfd8 15. Qc4 Nf6 16. Nc5 Rd5 17. b4 Rad8 18. Bb2 Ne8 19. a3 Nd6 20. Qc2 Nf5 21.
Nb3 Bf6 22. Rac1 Rc8 23. Rfd1 Bxd4 24. Bxd4 Nxd4 25. Nxd4 Rxd4 26. Rxd4 Qxd4 27.
b5 c5 28. Rd1 Qe5 29. h3 g6 30. Qc4 h5 31. a4 Qc7 32. Qc3 c4 33. g3 Qc5 34. Rd4
e5 35. Re4 f6 36. g4 Qd5 37. Re3 hxg4 38. Rg3 Kf7 39. Qc2 f5 40. Qc1 f4 41. Rxg4
Qd3 42. Rh4 Rd8 43. Rh7+ Kf6 44. Rxa7 Qf3 45. Qxc4 Rd1+ 46. Qf1 Rxf1+ 47. Kxf1
Qd1+ 48. Kg2 f3+ 49. Kg3 Qh1 50. Ra6+ Kf5 0-1

[Event "40th ECC Open 2025"]
[Site "Rhodes GRE"]
[Date "2025.10.22"]
[Round "4.103"]
[White "Camlar, Arda"]
[Black "Alonso Rosell, Alvar"]
[Result "1/2-1/2"]
[WhiteTitle "IM"]
[BlackTitle "GM"]
[WhiteElo "2490"]
[BlackElo "2538"]
[WhiteTeam "Guzelbahce Satranc Spor Kulubu"]
[BlackTeam "Silla-Integrant Col.lectius"]
[WhiteFideId "44576692"]
[BlackFideId "2270544"]
[EventDate "2025.10.19"]
[EventType "team"]

1. Nf3 d5 2. g3 Nf6 3. Bg2 e6 4. d4 Bd6 5. O-O O-O 6. c4 Nbd7 7. Nfd2 c6 8. Nc3
Be7 9. e4 Nxe4 10. Ndxe4 dxe4 11. Bxe4 f5 12. Bg2 e5 13. d5 e4 14. f3 exf3 15.
Qxf3 Ne5 16. Qe2 Bf6 17. Bf4 Re8 18. Rad1 Bd7 19. dxc6 bxc6 20. Qd2 Be6 21. Qe3
Qc8 22. Bxe5 Bf7 23. Qf3 Rxe5 24. Qxc6 Qxc6 25. Bxc6 Rb8 26. Nd5 Rxb2 27. Rb1
Rxb1 28. Rxb1 Bxd5 29. Bxd5+ Kf8 30. Rb7 Re7 1/2-1/2

[Event "40th ECC Open 2025"]
[Site "Rhodes GRE"]
[Date "2025.10.22"]
[Round "4.104"]
[White "Lopez Martinez, Josep Manuel"]
[Black "Yildiz, Egehan"]
[Result "1-0"]
[WhiteTitle "GM"]
[BlackTitle "FM"]
[WhiteElo "2477"]
[BlackElo "2374"]
[WhiteTeam "Silla-Integrant Col.lectius"]
[BlackTeam "Guzelbahce Satranc Spor Kulubu"]
[WhiteFideId "2212943"]
[BlackFideId "44518072"]
[EventDate "2025.10.19"]
[EventType "team"]

1. c4 e6 2. g3 d5 3. Bg2 Nf6 4. Nf3 Be7 5. O-O O-O 6. d3 h6 7. a3 c5 8. Ne5 Qc7
9. f4 Rd8 10. Nc3 a6 11. Qe1 d4 12. Nd1 Nbd7 13. Nf3 Rb8 14. e4 dxe3 15. Nxe3 b6
16. Bd2 Bb7 17. Bc3 Rbc8 18. Rd1 Bf8 19. g4 Nh7 20. Qe2 Bd6 21. Ne5 Nxe5 22.
fxe5 Bf8 23. h4 g6 24. h5 g5 25. Bxb7 Qxb7 26. Qf3 Qxf3 27. Rxf3 Rd7 28. Kf2 b5
29. Ke2 Bg7 30. b4 Nf8 31. bxc5 bxc4 32. d4 Re7 33. Nxc4 Nd7 34. Nd6 Rc6 35. Rb1
f6 36. exf6 Nxf6 37. Rb6 Rcc7 38. Rb8+ Kh7 39. Rxf6 Bxf6 40. Ne8 Rxe8 41. Rxe8
Rc6 42. Kd3 Kg7 43. Kc4 Kf7 44. Ra8 Be7 45. Bb4 Kf6 46. Ra7 Bf8 47. d5 1-0

[Event "40th ECC Open 2025"]
[Site "Rhodes GRE"]
[Date "2025.10.22"]
[Round "4.105"]
[White "Burcu, Cagatay"]
[Black "Olsen, Filip Boe"]
[Result "1/2-1/2"]
[WhiteTitle "FM"]
[BlackTitle "IM"]
[WhiteElo "2255"]
[BlackElo "2451"]
[WhiteTeam "Guzelbahce Satranc Spor Kulubu"]
[BlackTeam "Silla-Integrant Col.lectius"]
[WhiteFideId "6310630"]
[BlackFideId "1440640"]
[EventDate "2025.10.19"]
[EventType "team"]

1. d4 Nf6 2. Nc3 d5 3. Bf4 a6 4. e3 h6 5. Nf3 e6 6. Bd3 c5 7. dxc5 Bxc5 8. O-O
Nh5 9. Ne5 Nxf4 10. exf4 Nc6 11. Nxc6 bxc6 12. Na4 Bd6 13. g3 g5 14. f5 e5 15.
c4 e4 16. Bc2 Be5 17. cxd5 cxd5 18. Bb3 Bxf5 19. Bxd5 Rb8 20. Bc6+ Ke7 21. Re1
Qxd1 22. Raxd1 Rhd8 23. Rxd8 Rxd8 24. Bxe4 Be6 25. Bb7 Kf6 26. Nc5 Bxa2 27. Bxa6
Bxb2 28. Re2 Rd1+ 29. Kg2 Bd5+ 30. Ne4+ Kg7 31. Rxb2 Bxe4+ 32. f3 Bd5 33. Bb7
Bxb7 34. Rxb7 Rd2+ 35. Kg1 h5 36. h3 Kg6 37. Rb6+ f6 38. Rb4 Kf5 39. Rb5+ Ke6
40. Rb4 Ke5 41. f4+ Kf5 42. fxg5 fxg5 43. g4+ hxg4 44. Rxg4 Ra2 1/2-1/2

[Event "40th ECC Open 2025"]
[Site "Rhodes GRE"]
[Date "2025.10.22"]
[Round "4.106"]
[White "Domingo Nunez, Ruben"]
[Black "Dogan, Umut Anil"]
[Result "1/2-1/2"]
[WhiteTitle "IM"]
[BlackTitle "CM"]
[WhiteElo "2422"]
[BlackElo "2238"]
[WhiteTeam "Silla-Integrant Col.lectius"]
[BlackTeam "Guzelbahce Satranc Spor Kulubu"]
[WhiteFideId "22245570"]
[BlackFideId "51618060"]
[EventDate "2025.10.19"]
[EventType "team"]

1. e4 c6 2. Nf3 d5 3. Nc3 dxe4 4. Nxe4 Nf6 5. Qe2 Na6 6. d4 Nxe4 7. Qxe4 Qd5 8.
Qxd5 cxd5 9. Ne5 Nb8 10. h4 f6 11. Bb5+ Nd7 12. Nxd7 Bxd7 13. Bxd7+ Kxd7 14. Bf4
e6 15. Rh3 Bd6 16. Bxd6 Kxd6 17. Rg3 g6 18. O-O-O b5 19. Rb3 Rhb8 20. g4 a6 21.
f4 f5 22. gxf5 Rf8 23. fxg6 Rxf4 24. gxh7 Rxh4 25. a4 Rb8 26. axb5 Rxb5 27. Rdd3
Rxh7 28. Rxb5 axb5 29. Rb3 Rh4 30. c3 Kc6 31. Kc2 Rh2+ 32. Kb1 Re2 33. Ka2 Re4
34. Kb1 Re1+ 35. Ka2 Re4 36. Kb1 Re1+ 37. Ka2 1/2-1/2

[Event "40th ECC Open 2025"]
[Site "Rhodes GRE"]
[Date "2025.10.22"]
[Round "4.107"]
[White "Gur, Ali"]
[Black "Luque Saiz, Andres"]
[Result "1-0"]
[WhiteTitle "CM"]
[BlackTitle "FM"]
[WhiteElo "2222"]
[BlackElo "2343"]
[WhiteTeam "Guzelbahce Satranc Spor Kulubu"]
[BlackTeam "Silla-Integrant Col.lectius"]
[WhiteFideId "51684349"]
[BlackFideId "24510793"]
[EventDate "2025.10.19"]
[EventType "team"]

1. e4 e6 2. d3 c5 3. Nf3 Nc6 4. g3 g6 5. Bg2 Bg7 6. c3 e5 7. Be3 d6 8. O-O Nge7
9. d4 exd4 10. cxd4 Bg4 11. d5 Nd4 12. Nbd2 Qd7 13. Rb1 O-O 14. b4 b6 15. bxc5
dxc5 16. Nc4 Bxf3 17. Bxf3 Nxf3+ 18. Qxf3 f5 19. d6 fxe4 20. Qxe4 Nf5 21. Qd5+
Qf7 22. Rbd1 Nd4 23. Qxf7+ Rxf7 24. Kg2 Rd8 25. a4 Ne2 26. Rde1 Nd4 27. Bg5 Bf6
28. Bxf6 Rxf6 29. Re7 Rf7 30. Rfe1 Nf5 31. Re8+ Rf8 32. R8e6 Rd7 33. g4 Ng7 34.
Re7 Rfd8 35. f4 Kf8 36. Kg3 a6 37. Rxd7 Rxd7 38. Rd1 Ne6 39. Nxb6 Rf7 40. d7 Nd8
41. Nc4 Rf6 42. Ne5 Rb6 43. Re1 Re6 44. Rc1 g5 45. Rxc5 gxf4+ 46. Kxf4 Ke7 47.
Rd5 Rb6 48. a5 Rb2 49. Nf3 Ke6 50. Rh5 Rb4+ 51. Kg3 Kxd7 52. Rxh7+ Kd6 53. Ra7
Ne6 54. Rxa6+ Kd5 55. Rb6 Ra4 56. Rb5+ Nc5 57. h4 Kc4 58. Rb8 Rxa5 59. Re8 Kd5
60. h5 Ne6 61. h6 Ra7 62. h7 1-0

[Event "40th ECC Open 2025"]
[Site "Rhodes GRE"]
[Date "2025.10.22"]
[Round "4.108"]
[White "Garcia Molina, Jose"]
[Black "Karaca, Yigit"]
[Result "1/2-1/2"]
[WhiteTitle "FM"]
[WhiteElo "2206"]
[BlackElo "2183"]
[WhiteTeam "Silla-Integrant Col.lectius"]
[BlackTeam "Guzelbahce Satranc Spor Kulubu"]
[WhiteFideId "32030592"]
[BlackFideId "26314118"]
[EventDate "2025.10.19"]
[EventType "team"]

1. Nf3 d5 2. g3 Nf6 3. Bg2 g6 4. d4 Bg7 5. O-O O-O 6. c4 c6 7. a4 Na6 8. cxd5
cxd5 9. Nc3 Nb4 10. Qb3 Nc6 11. Rd1 Ne4 12. Bf4 Nxc3 13. bxc3 Na5 14. Qb4 b6 15.
Ne5 f6 16. Nf3 Bf5 17. Nd2 Rc8 18. e4 dxe4 19. Nxe4 Rc4 20. Qa3 Bd7 21. Qa2 Kh8
22. Qc2 Qe8 23. Bf1 Bxa4 24. Qa2 Bb3 25. Qb1 Ra4 26. Re1 Rxa1 27. Qxa1 Qf7 28.
Qa3 Bd5 29. Nd2 e5 30. Be3 Rc8 31. Rc1 Bb7 32. Be2 f5 33. dxe5 Bxe5 34. Bf3 Bg7
35. Bxb7 Qxb7 36. c4 Nc6 37. c5 b5 38. Qb3 Rb8 39. Nf3 Na5 40. Qd1 Nc4 41. Bd4
h6 42. Bxg7+ Qxg7 43. Qd5 a5 44. Nd4 Qe5 45. Qxe5+ Nxe5 46. c6 b4 47. c7 Rc8 48.
Nb5 b3 49. Kf1 Nd3 50. Rb1 a4 51. Ke2 Nc5 52. Kd2 a3 53. Kc3 b2 54. Rd1 Ne6 55.
Nxa3 Rxc7+ 56. Kxb2 Ng5 57. Nc2 1/2-1/2

[Event "40th ECC Open 2025"]
[Site "Rhodes GRE"]
[Date "2025.10.22"]
[Round "4.109"]
[White "Straka, Vojtech"]
[Black "Erdos, Viktor"]
[Result "1/2-1/2"]
[WhiteTitle "IM"]
[BlackTitle "GM"]
[WhiteElo "2414"]
[BlackElo "2538"]
[WhiteTeam "SK Oaza Praha loznice.cz"]
[BlackTeam "MTK Budapest"]
[WhiteFideId "312509"]
[BlackFideId "719978"]
[EventDate "2025.10.19"]
[EventType "team"]

1. c4 e6 2. Nc3 d5 3. d4 c5 4. e3 Nf6 5. Nf3 dxc4 6. Bxc4 a6 7. a4 Nc6 8. O-O
Be7 9. dxc5 Bxc5 10. Qe2 Qc7 11. e4 Ng4 12. g3 O-O 13. Kg2 Bd7 14. Bf4 Bd6 15.
Bxd6 Qxd6 16. Rfd1 Qc7 17. Qd2 Rfd8 18. Qg5 Nge5 19. Nxe5 Nxe5 20. Be2 Be8 21.
Qe3 h6 22. f3 Rac8 23. Rac1 Rxd1 24. Rxd1 Kf8 25. Qd4 Qc5 26. Kf2 Ke7 27. Ke3 f6
28. Qxc5+ Rxc5 29. f4 Nc6 30. Rc1 Nb4 31. Bd1 b6 1/2-1/2

[Event "40th ECC Open 2025"]
[Site "Rhodes GRE"]
[Date "2025.10.22"]
[Round "4.110"]
[White "Juhasz, Agoston"]
[Black "Svanda, Ondrej"]
[Result "1-0"]
[WhiteTitle "IM"]
[BlackTitle "IM"]
[WhiteElo "2434"]
[BlackElo "2363"]
[WhiteTeam "MTK Budapest"]
[BlackTeam "SK Oaza Praha loznice.cz"]
[WhiteFideId "778346"]
[BlackFideId "359670"]
[EventDate "2025.10.19"]
[EventType "team"]

1. e4 c5 2. c3 Nf6 3. e5 Nd5 4. Bc4 Nb6 5. Bb3 d5 6. exd6 Qxd6 7. Na3 Be6 8. Ne2
c4 9. Bc2 g6 10. O-O Bg7 11. d4 cxd3 12. Nb5 Qd7 13. Qxd3 Qc8 14. Qg3 Na6 15.
Re1 O-O 16. Bg5 f6 17. Be3 Nc4 18. Nxa7 Qb8 19. Nb5 Nxb2 20. Nf4 Bf7 21. Bc1 e5
22. Nxg6 hxg6 23. Bxb2 f5 24. Ba3 Rc8 25. Bd6 1-0

[Event "40th ECC Open 2025"]
[Site "Rhodes GRE"]
[Date "2025.10.22"]
[Round "4.111"]
[White "Svoboda, Vaclav2"]
[Black "Pribelszky, Bence"]
[Result "0-1"]
[BlackTitle "IM"]
[WhiteElo "2376"]
[BlackElo "2403"]
[WhiteTeam "SK Oaza Praha loznice.cz"]
[BlackTeam "MTK Budapest"]
[WhiteFideId "323551"]
[BlackFideId "769738"]
[EventDate "2025.10.19"]
[EventType "team"]

1. e4 c5 2. Nf3 e6 3. d4 cxd4 4. Nxd4 Nc6 5. Nc3 Qc7 6. Be3 a6 7. Be2 Nf6 8. O-O
Bb4 9. Na4 Be7 10. Nxc6 bxc6 11. Nb6 Rb8 12. Nxc8 Qxc8 13. Bd4 c5 14. Be5 Rb6
15. Qd3 d6 16. Bc3 O-O 17. Rad1 d5 18. exd5 Nxd5 19. b3 c4 20. bxc4 Nxc3 21.
Qxc3 Qc5 22. Rb1 Bf6 23. Qf3 Rd6 24. Rfd1 Bd4 25. c3 Be5 26. Rxd6 Bxd6 27. Bf1
g6 28. g3 Qa5 29. Qc6 Be5 30. c5 Qxc3 31. Rb3 Qc2 32. Qxa6 Bd4 33. Rf3 Qxc5 34.
Qc4 Qa7 35. Qa6 Qe7 36. Qc4 e5 37. Qd5 Rd8 38. Rxf7 Qxf7 39. Qxd8+ Kg7 0-1

[Event "40th ECC Open 2025"]
[Site "Rhodes GRE"]
[Date "2025.10.22"]
[Round "4.112"]
[White "Papp, Levente"]
[Black "Cuhra, Martin"]
[Result "1-0"]
[WhiteTitle "FM"]
[BlackTitle "FM"]
[WhiteElo "2360"]
[BlackElo "2218"]
[WhiteTeam "MTK Budapest"]
[BlackTeam "SK Oaza Praha loznice.cz"]
[WhiteFideId "751243"]
[BlackFideId "327735"]
[EventDate "2025.10.19"]
[EventType "team"]

1. Nf3 c5 2. g3 Nc6 3. Bg2 g6 4. O-O Bg7 5. c4 e6 6. Nc3 Nge7 7. d3 d6 8. Bd2
O-O 9. Qc1 Rb8 10. Bh6 Bxh6 11. Qxh6 Nf5 12. Qd2 a6 13. a3 Bd7 14. Ne4 Qe7 15.
g4 Nfd4 16. Nxd4 Nxd4 17. g5 e5 18. b4 cxb4 19. axb4 Nb3 20. Qb2 Nxa1 21. Qxa1
f5 22. gxf6 Qe6 23. Nc5 Qe8 24. Bd5+ Kh8 25. Ne4 Bh3 26. Nxd6 Qd8 27. Ne4 Bxf1
28. Qxe5 h5 29. f7+ Kh7 30. Ng5+ Kh6 31. Ne6 1-0

[Event "40th ECC Open 2025"]
[Site "Rhodes GRE"]
[Date "2025.10.22"]
[Round "4.113"]
[White "Kawulok, Marek"]
[Black "Juhasz, Armin"]
[Result "0-1"]
[BlackTitle "IM"]
[WhiteElo "2219"]
[BlackElo "2375"]
[WhiteTeam "SK Oaza Praha loznice.cz"]
[BlackTeam "MTK Budapest"]
[WhiteFideId "337005"]
[BlackFideId "724270"]
[EventDate "2025.10.19"]
[EventType "team"]

1. e4 c6 2. d4 d5 3. e5 Bf5 4. h4 h6 5. g4 Be4 6. f3 Bh7 7. e6 Qd6 8. exf7+ Kxf7
9. Be3 e5 10. Nc3 Na6 11. Bd3 exd4 12. Bxd4 Re8+ 13. Kf1 Nf6 14. Bxh7 Rxh7 15.
Nge2 Nc7 16. Qd3 Kg8 17. Kg2 Nd7 18. h5 c5 19. Bf2 Ne5 20. Qf5 g6 21. hxg6 Qxg6
22. Qxg6+ Nxg6 23. Bg3 d4 24. Ne4 Nd5 25. Rh5 Ne3+ 26. Kh3 Rf7 27. Ng1 Nxc2 28.
Rc1 d3 29. Nxc5 Bxc5 30. Rxc5 Rd7 31. R1xc2 dxc2 32. Rxc2 Rf8 33. Be1 Rd1 34.
Bf2 Ne5 35. Bxa7 Nxf3 36. Nxf3 Rxf3+ 37. Kg2 Rfd3 38. Rc8+ Kf7 39. Rc7+ Rd7 40.
Rxd7+ Rxd7 41. Be3 Rd6 42. Kf3 Ra6 43. a3 Rg6 44. Bd4 Ke6 45. Kf4 Kd5 46. Bc3
Kc4 47. Kf5 Rg5+ 48. Kf4 Kd3 49. Bf6 Rg8 50. Bc3 Ke2 51. Bd4 Kf1 52. Bc3 Kg2 53.
Bf6 Rf8 54. Kf5 Kf3 55. g5 hxg5 56. Kxg5 Ke4 57. Kg6 Kd3 58. Kg7 Re8 59. Kf7 Re2
60. a4 Kc4 61. a5 Re3 62. Bg7 Kb4 63. Bd4 Rf3+ 64. Ke6 Kxa5 65. Kd5 Kb5 66. Bc3
Rf4 67. Bd4 Rg4 68. Bf6 Ka4 69. Kc5 b6+ 70. Kd5 Kb3 71. Bd4 b5 72. Kc5 b4 73.
Bf6 Kc2 74. Kb5 b3 75. Bh8 Rg1 76. Kb4 Rb1 77. Ka3 Ra1+ 78. Kb4 Ra2 0-1

[Event "40th ECC Open 2025"]
[Site "Rhodes GRE"]
[Date "2025.10.22"]
[Round "4.114"]
[White "Matyassy, Lazar"]
[Black "Pirklova, Hana"]
[Result "1-0"]
[WhiteTitle "FM"]
[BlackTitle "WFM"]
[WhiteElo "2313"]
[BlackElo "2076"]
[WhiteTeam "MTK Budapest"]
[BlackTeam "SK Oaza Praha loznice.cz"]
[WhiteFideId "17005167"]
[BlackFideId "313777"]
[EventDate "2025.10.19"]
[EventType "team"]

1. e4 e5 2. Nf3 Nc6 3. Bb5 a6 4. Bxc6 dxc6 5. O-O Bg4 6. h3 Bxf3 7. Qxf3 Qf6 8.
Qxf6 Nxf6 9. d3 Bc5 10. Nd2 O-O 11. Nc4 Rfe8 12. a4 Re6 13. a5 b5 14. axb6 cxb6
15. Be3 Bxe3 16. Nxe3 c5 17. Ra3 g6 18. Rfa1 a5 19. Rb3 Rc8 20. Nc4 Nd7 21. Rb5
Rcc6 22. Kf1 Kg7 23. Ke2 f5 24. f3 Kf6 25. c3 h5 26. h4 f4 27. b4 cxb4 28. cxb4
axb4 29. Ra7 Nc5 30. Rxb4 g5 31. hxg5+ Kxg5 32. Rb5 Kh6 33. Rf7 h4 34. Rf5 Nd7
35. Rd5 Rc7 36. Rf7 b5 37. Rfxd7 Rxd7 38. Rxd7 bxc4 39. dxc4 Rc6 40. Rd5 Rxc4
41. Rxe5 Rc2+ 42. Kf1 Rc1+ 43. Kf2 Rc2+ 44. Kg1 h3 45. gxh3 Rc1+ 46. Kf2 Rc2+
47. Ke1 Rc1+ 48. Kd2 Rf1 49. Ke2 Rh1 50. Rf5 Rxh3 51. Rxf4 Kg5 52. Rf8 Rh2+ 53.
Ke3 Ra2 54. f4+ Kg6 55. f5+ Kg7 56. Rb8 Ra1 57. Kf4 Ra5 58. Rb7+ Kf8 59. e5 Ra1
60. Kg5 1-0

[Event "40th ECC Open 2025"]
[Site "Rhodes GRE"]
[Date "2025.10.22"]
[Round "4.115"]
[White "Blomqvist, Erik"]
[Black "Vagman, Roy"]
[Result "1/2-1/2"]
[WhiteTitle "GM"]
[BlackTitle "IM"]
[WhiteElo "2478"]
[BlackElo "2383"]
[WhiteTeam "SK Rockaden #1 (SWE)"]
[BlackTeam "Rishon Le Zion #2"]
[WhiteFideId "1709437"]
[BlackFideId "2828995"]
[EventDate "2025.10.19"]
[EventType "team"]

1. e4 c5 2. Nf3 d6 3. d4 cxd4 4. Nxd4 Nf6 5. Nc3 a6 6. Be3 e5 7. Nf3 Be7 8. Bc4
O-O 9. Bb3 Nc6 10. Bg5 Be6 11. Bxf6 Bxf6 12. O-O Rc8 13. Nd5 Bg5 14. Nxg5 Qxg5
15. c3 Kh8 16. Ne3 Rfd8 17. Re1 Rc7 18. Re2 Ne7 19. Rd2 Rcd7 20. Qf3 Qg6 21.
Rad1 Bxb3 22. axb3 Qe6 23. b4 g6 24. Nd5 Nxd5 25. Rxd5 Rc8 26. Qd3 Rc6 27. c4
Rdc7 28. b3 b5 29. cxb5 axb5 30. h3 Rb7 31. Rxb5 Rxb5 32. Qxb5 Rc3 33. Qb8+ Kg7
34. Rxd6 Rc8 35. Qb6 Qxb3 36. Kh2 Qc4 37. Qb7 Rc7 38. Qd5 Qxd5 39. Rxd5 Rc4 40.
Rxe5 Rxb4 41. f3 Rb2 42. h4 h5 43. Kg3 Ra2 44. Rd5 Kf6 45. Rd1 Rb2 46. Rf1 Ke5
47. Rf2 Rb3 48. Ra2 Rb5 49. Ra6 Rb2 50. Kh3 Rc2 51. Ra5+ Ke6 52. Rg5 Re2 53. Kg3
Re1 54. Kf4 Rh1 55. g3 Rf1 56. Ra5 Kf6 57. Ra3 Rd1 58. Ra6+ Kg7 59. Ra5 Rd3 60.
g4 hxg4 61. fxg4 Rh3 62. h5 gxh5 63. gxh5 Rh4+ 64. Ke3 Rh1 65. Rg5+ Kf6 66. Rf5+
Ke6 67. Kf4 f6 68. Ra5 Rf1+ 69. Kg3 Rg1+ 70. Kf2 Rh1 71. Kg2 Rh4 72. Kf3 Rh1 73.
Kg2 1/2-1/2

[Event "40th ECC Open 2025"]
[Site "Rhodes GRE"]
[Date "2025.10.22"]
[Round "4.116"]
[White "Galburd, Yan"]
[Black "Trost, Edvin"]
[Result "1/2-1/2"]
[WhiteTitle "IM"]
[BlackTitle "IM"]
[WhiteElo "2418"]
[BlackElo "2457"]
[WhiteTeam "Rishon Le Zion #2"]
[BlackTeam "SK Rockaden #1 (SWE)"]
[WhiteFideId "2808528"]
[BlackFideId "1729519"]
[EventDate "2025.10.19"]
[EventType "team"]

1. d4 d5 2. Bf4 c5 3. e3 Nc6 4. Nf3 e6 5. Nbd2 Bd6 6. Bxd6 Qxd6 7. Bb5 cxd4 8.
exd4 Ne7 9. c3 O-O 10. O-O Bd7 11. Re1 f6 12. Bd3 Be8 13. Qe2 Bf7 14. c4 Kh8 15.
Rac1 Rae8 16. cxd5 exd5 17. Qd1 Bg6 18. Qb3 Qd7 19. Bxg6 Nxg6 20. g3 f5 21. Qd3
f4 22. Rxe8 Rxe8 23. Re1 Rxe1+ 24. Nxe1 fxg3 25. hxg3 Qg4 26. Qe3 Nge7 27. Ndf3
h6 28. Ng2 Nf5 29. Qf4 Qxf4 30. Nxf4 Nfxd4 31. Nxd4 Nxd4 32. Nxd5 Kg8 33. f4 Kf7
34. Kf2 Ke6 35. Ne3 h5 36. Kg2 Nf5 37. Nxf5 Kxf5 38. Kh3 Ke4 39. Kh4 Kf3 40. f5
a5 41. a4 b6 42. Kxh5 Kxg3 43. Kg6 Kf4 44. f6 gxf6 45. Kxf6 Ke4 46. Ke6 Kd4 47.
Kd6 Kc4 48. Kc6 Kb4 49. Kxb6 Kxa4 50. b3+ Kb4 51. Ka6 a4 52. bxa4 Kxa4 1/2-1/2

[Event "40th ECC Open 2025"]
[Site "Rhodes GRE"]
[Date "2025.10.22"]
[Round "4.117"]
[White "Sorensen, Hampus"]
[Black "Zakin, Ilay"]
[Result "0-1"]
[WhiteTitle "IM"]
[BlackTitle "FM"]
[WhiteElo "2440"]
[BlackElo "2309"]
[WhiteTeam "SK Rockaden #1 (SWE)"]
[BlackTeam "Rishon Le Zion #2"]
[WhiteFideId "8703884"]
[BlackFideId "2848279"]
[EventDate "2025.10.19"]
[EventType "team"]

1. d4 Nf6 2. Nf3 g6 3. g3 Bg7 4. Bg2 O-O 5. O-O d5 6. c3 c6 7. a4 a5 8. Nbd2
Nbd7 9. Re1 c5 10. Nb1 Ne4 11. Na3 b6 12. Bf4 e6 13. Qc1 Ba6 14. Bh6 Qf6 15.
Bxg7 Kxg7 16. Qe3 Rac8 17. Ne5 Nxe5 18. dxe5 Qg5 19. Qxg5 Nxg5 20. f4 Ne4 21.
Bxe4 dxe4 22. Kf2 Rfd8 23. Ke3 Rd5 24. c4 Rd4 25. b3 Rcd8 26. Nb1 Bb7 27. Nc3
Bc6 28. Ra2 Kf8 29. Rc2 Ke7 30. Nb1 Rd1 31. Rc1 R1d4 32. Rg1 h5 33. Rcf1 Rh8 34.
Rd1 Rhd8 35. Rd2 f5 36. exf6+ Kxf6 37. Rgd1 e5 38. Rf1 Bd7 39. fxe5+ Kxe5 40.
Rfd1 Bc6 41. Rf1 Bd7 42. Rf7 Bf5 43. Re7+ Kf6 44. Rb7 R8d6 45. Rc2 Re6 46. Rc1
Kg5 47. Nc3 Kg4 48. Nd5 Rd6 49. Rh1 Be6 50. Nf4 Bf5 51. Rg1 Rd2 52. h3+ Kg5 53.
Rb1 Rc2 54. Nd5 Bxh3 55. Re7 Bg4 56. Re5+ Kh6 57. Re1 Rb2 58. Rxe4 Rxb3+ 59. Kf2
Ra3 60. Ne3 Bd7 61. g4 Rf6+ 62. Kg1 Bxg4 63. Nxg4+ hxg4 64. Rxg4 Rxa4 65. Kg2
Rf5 66. Kg3 Ra3+ 67. e3 Rc3 68. Re4 a4 69. Rh1+ Rh5 70. Rb1 Rb3 71. Rd1 Rg5+ 72.
Kf3 Rf5+ 73. Kg3 a3 74. Rd7 a2 75. Ra7 Rb2 76. Re8 Kg5 77. Ra6 Rbf2 0-1

[Event "40th ECC Open 2025"]
[Site "Rhodes GRE"]
[Date "2025.10.22"]
[Round "4.118"]
[White "Ribstein, Orel"]
[Black "Barkhagen, Jonas"]
[Result "1-0"]
[BlackTitle "IM"]
[WhiteElo "2138"]
[BlackElo "2408"]
[WhiteTeam "Rishon Le Zion #2"]
[BlackTeam "SK Rockaden #1 (SWE)"]
[WhiteFideId "2826534"]
[BlackFideId "1700855"]
[EventDate "2025.10.19"]
[EventType "team"]

1. d4 c5 2. d5 e5 3. c4 d6 4. Nc3 Be7 5. Nf3 Nf6 6. e4 O-O 7. h3 Qd7 8. Bd3 Bd8
9. a3 Ba5 10. Bd2 Qd8 11. Rb1 Na6 12. O-O Bxc3 13. Bxc3 Re8 14. Nd2 Nd7 15. Kh2
Qg5 16. g3 Nf6 17. f4 Qh6 18. f5 g6 19. g4 Kh8 20. Qf3 gxf5 21. exf5 Rg8 22. Rg1
Bd7 23. Nf1 Rae8 24. g5 Qh4 25. Be1 e4 26. Bxh4 1-0

[Event "40th ECC Open 2025"]
[Site "Rhodes GRE"]
[Date "2025.10.22"]
[Round "4.119"]
[White "Kenneskog, Theodor"]
[Black "Azoulay, Yehonatan"]
[Result "1/2-1/2"]
[WhiteTitle "FM"]
[WhiteElo "2338"]
[BlackElo "2136"]
[WhiteTeam "SK Rockaden #1 (SWE)"]
[BlackTeam "Rishon Le Zion #2"]
[WhiteFideId "1715011"]
[BlackFideId "2839415"]
[EventDate "2025.10.19"]
[EventType "team"]

1. e4 c5 2. Nf3 d6 3. d4 cxd4 4. Nxd4 Nf6 5. Nc3 a6 6. Be3 e5 7. Nb3 Be6 8. f3
Be7 9. Qd2 O-O 10. O-O-O Nbd7 11. g4 b5 12. g5 Nh5 13. Nd5 Bxd5 14. exd5 f6 15.
gxf6 Bxf6 16. Kb1 Qc7 17. Qf2 Rfb8 18. Nd2 Nb6 19. Ne4 Nc4 20. Bc1 Qe7 21. Rg1
Bh4 22. Qg2 Nf4 23. Bxf4 exf4 24. Bxc4 bxc4 25. Qd2 Bf6 26. Nxf6+ Qxf6 27. Qd4
Qxd4 28. Rxd4 c3 29. b3 Re8 30. Rxf4 Re3 31. a4 a5 32. Rc4 Rxf3 33. Rc7 g6 34.
Re1 Raf8 35. Ree7 Rh3 36. Rg7+ Kh8 37. Rgd7 g5 38. Rxd6 g4 39. Rdc6 Rxh2 40.
Rxc3 Rh1+ 41. Kb2 Rd1 42. R3c6 Rxd5 43. Rh6 Rg5 44. Rcxh7+ Kg8 45. Rh8+ Kf7 46.
Rxf8+ Kxf8 47. Kc3 g3 48. Rh1 Ke7 49. Kd4 g2 50. Rg1 Kd6 51. Ke4 Kc5 52. c3 Rg3
53. b4+ 1/2-1/2